<?xml version="1.0" encoding="UTF-8"?>
<record
    xmlns:xsi="http://www.w3.org/2001/XMLSchema-instance"
    xsi:schemaLocation="http://www.loc.gov/MARC21/slim http://www.loc.gov/standards/marcxml/schema/MARC21slim.xsd"
    xmlns="http://www.loc.gov/MARC21/slim">

  <leader>02393nam0a2200349   4500</leader>
  <controlfield tag="001">RU\NLR\BIBL_A\012863910</controlfield>
  <controlfield tag="005">20220822133256.0</controlfield>
  <datafield tag="010" ind1=" " ind2=" ">
    <subfield code="a">978-5-94396-217-2</subfield>
  </datafield>
  <datafield tag="021" ind1=" " ind2=" ">
    <subfield code="a">RU</subfield>
    <subfield code="b">&#x41A;&#x41D;-&#x41F;-22-035870</subfield>
    <subfield code="9">&#x41A;&#x41D;-&#x41F;-22-3072</subfield>
  </datafield>
  <datafield tag="035" ind1=" " ind2=" ">
    <subfield code="a">(NLR Aleph) 012863910</subfield>
  </datafield>
  <datafield tag="035" ind1=" " ind2=" ">
    <subfield code="a">(RuMoRGB)011098702</subfield>
  </datafield>
  <datafield tag="090" ind1=" " ind2=" ">
    <subfield code="a">12468210</subfield>
    <subfield code="c">12468210</subfield>
  </datafield>
  <datafield tag="100" ind1=" " ind2=" ">
    <subfield code="a">20220810d2021    u  y0rusy50      ca</subfield>
  </datafield>
  <datafield tag="101" ind1="0" ind2=" ">
    <subfield code="a">rus</subfield>
  </datafield>
  <datafield tag="102" ind1=" " ind2=" ">
    <subfield code="a">RU</subfield>
  </datafield>
  <datafield tag="105" ind1=" " ind2=" ">
    <subfield code="a">y   z   000zy</subfield>
  </datafield>
  <datafield tag="181" ind1=" " ind2="0">
    <subfield code="a">i4</subfield>
    <subfield code="b">axxe  </subfield>
  </datafield>
  <datafield tag="182" ind1=" " ind2="0">
    <subfield code="a">n</subfield>
  </datafield>
  <datafield tag="200" ind1="1" ind2=" ">
    <subfield code="a">&#x41C;&#x43E;&#x43D;&#x43E;&#x43B;&#x435;&#x43D;&#x442;&#x430;</subfield>
    <subfield code="f">&#x421;. &#x41A;. &#x41A;.</subfield>
  </datafield>
  <datafield tag="203" ind1=" " ind2=" ">
    <subfield code="a">&#x422;&#x435;&#x43A;&#x441;&#x442;</subfield>
    <subfield code="b">&#x432;&#x438;&#x437;&#x443;&#x430;&#x43B;&#x44C;&#x43D;&#x44B;&#x439;</subfield>
    <subfield code="c">&#x43D;&#x435;&#x43F;&#x43E;&#x441;&#x440;&#x435;&#x434;&#x441;&#x442;&#x432;&#x435;&#x43D;&#x43D;&#x44B;&#x439;</subfield>
  </datafield>
  <datafield tag="210" ind1=" " ind2=" ">
    <subfield code="a">&#x421;&#x430;&#x43D;&#x43A;&#x442;-&#x41F;&#x435;&#x442;&#x435;&#x440;&#x431;&#x443;&#x440;&#x433;</subfield>
    <subfield code="c">&#x410;&#x43A;&#x430;&#x434;&#x435;&#x43C;&#x438;&#x44F; &#x438;&#x441;&#x441;&#x43B;&#x435;&#x434;&#x43E;&#x432;&#x430;&#x43D;&#x438;&#x439; &#x43A;&#x443;&#x43B;&#x44C;&#x442;&#x443;&#x440;&#x44B;</subfield>
    <subfield code="d">2021</subfield>
  </datafield>
  <datafield tag="215" ind1=" " ind2=" ">
    <subfield code="a">23 &#x441;.</subfield>
    <subfield code="d">16</subfield>
  </datafield>
  <datafield tag="300" ind1=" " ind2=" ">
    <subfield code="a">&#x41D;&#x430; &#x43E;&#x431;&#x43E;&#x440;&#x43E;&#x442;&#x435; &#x442;&#x438;&#x442;. &#x441;. &#x432; &#x430;&#x43D;&#x43D;&#x43E;&#x442;. &#x430;&#x432;&#x442;.: C. &#x41A;. &#x41A;. (&#x421;&#x435;&#x440;&#x433;&#x435;&#x439; &#x41A;&#x443;&#x434;&#x440;&#x438;&#x43D;)</subfield>
  </datafield>
  <datafield tag="330" ind1=" " ind2=" ">
    <subfield code="a">C. &#x41A;. &#x41A;. (&#x421;&#x435;&#x440;&#x433;&#x435;&#x439; &#x41A;&#x443;&#x434;&#x440;&#x438;&#x43D;) &#x440;&#x43E;&#x434;&#x438;&#x43B;&#x441;&#x44F; &#x432; 1993 &#x433;&#x43E;&#x434;&#x443; &#x432; &#x41F;&#x435;&#x440;&#x43C;&#x438;, &#x420;&#x43E;&#x441;&#x441;&#x438;&#x44F;. &#x41B;&#x438;&#x442;&#x435;&#x440;&#x430;&#x442;&#x43E;&#x440;. &#x416;&#x438;&#x432;&#x435;&#x442; &#x432; &#x421;&#x430;&#x43D;&#x43A;&#x442;-&#x41F;&#x435;&#x442;&#x435;&#x440;&#x431;&#x443;&#x440;&#x433;&#x435;. &#x41E;&#x43A;&#x43E;&#x43D;&#x447;&#x438;&#x43B; &#x41F;&#x435;&#x440;&#x43C;&#x441;&#x43A;&#x438;&#x439; &#x413;&#x43E;&#x441;&#x443;&#x434;&#x430;&#x440;&#x441;&#x442;&#x432;&#x435;&#x43D;&#x43D;&#x44B;&#x439; &#x443;&#x43D;&#x438;&#x432;&#x435;&#x440;&#x441;&#x438;&#x442;&#x435;&#x442; &#x43F;&#x43E; &#x441;&#x43F;&#x435;&#x446;&#x438;&#x430;&#x43B;&#x44C;&#x43D;&#x43E;&#x441;&#x442;&#x438; &#x44D;&#x43A;&#x43E;&#x43D;&#x43E;&#x43C;&#x438;&#x43A;&#x430; (&#x431;&#x430;&#x43A;&#x430;&#x43B;&#x430;&#x432;&#x440;&#x438;&#x430;&#x442;), &#x444;&#x438;&#x43B;&#x43E;&#x441;&#x43E;&#x444;&#x438;&#x44F; (&#x43C;&#x430;&#x433;&#x438;&#x441;&#x442;&#x440;&#x430;&#x442;&#x443;&#x440;&#x430;). &#x410;&#x441;&#x43F;&#x438;&#x440;&#x430;&#x43D;&#x442; 3 &#x43A;&#x443;&#x440;&#x441;&#x430; &#x421;&#x430;&#x43D;&#x43A;&#x442;-&#x41F;&#x435;&#x442;&#x435;&#x440;&#x431;&#x443;&#x440;&#x433;&#x441;&#x43A;&#x43E;&#x433;&#x43E; &#x433;&#x43E;&#x441;&#x443;&#x434;&#x430;&#x440;&#x441;&#x442;&#x432;&#x435;&#x43D;&#x43D;&#x43E;&#x433;&#x43E; &#x443;&#x43D;&#x438;&#x432;&#x435;&#x440;&#x441;&#x438;&#x442;&#x435;&#x442;&#x430; &#x43F;&#x43E; &#x43D;&#x430;&#x43F;&#x440;&#x430;&#x432;&#x43B;&#x435;&#x43D;&#x438;&#x44E; &lt;&#x424;&#x438;&#x43B;&#x43E;&#x441;&#x43E;&#x444;&#x438;&#x44F;, &#x44D;&#x442;&#x438;&#x43A;&#x430; &#x438; &#x440;&#x435;&#x43B;&#x438;&#x433;&#x438;&#x43E;&#x432;&#x435;&#x434;&#x435;&#x43D;&#x438;&#x435;&gt; &#x43D;&#x430; &#x43A;&#x430;&#x444;&#x435;&#x434;&#x440;&#x435; &#x43E;&#x43D;&#x442;&#x43E;&#x43B;&#x43E;&#x433;&#x438;&#x438; &#x438; &#x442;&#x435;&#x43E;&#x440;&#x438;&#x438; &#x43F;&#x43E;&#x437;&#x43D;&#x430;&#x43D;&#x438;&#x44F;. &#x410;&#x432;&#x442;&#x43E;&#x440; &#x434;&#x435;&#x432;&#x44F;&#x442;&#x438; &#x43F;&#x43E;&#x44D;&#x442;&#x438;&#x447;&#x435;&#x441;&#x43A;&#x438;&#x445; &#x441;&#x431;&#x43E;&#x440;&#x43D;&#x438;&#x43A;&#x43E;&#x432; &#x438; &#x43E;&#x434;&#x43D;&#x43E;&#x439; &#x43A;&#x43E;&#x43B;&#x43B;&#x435;&#x43A;&#x442;&#x438;&#x432;&#x43D;&#x43E;&#x439; &#x43F;&#x43E;&#x44D;&#x43C;&#x44B;, &#x441;&#x43E;&#x441;&#x442;&#x430;&#x432;&#x438;&#x442;&#x435;&#x43B;&#x44C; &#x430;&#x43D;&#x442;&#x43E;&#x43B;&#x43E;&#x433;&#x438;&#x438; &lt;&#x421;&#x442;&#x438;&#x445;&#x438; &#x43D;&#x430; &#x433;&#x440;&#x430;&#x43D;&#x438;&gt; &#x432; &#x447;&#x435;&#x442;&#x44B;&#x440;&#x435;&#x445; &#x447;&#x430;&#x441;&#x442;&#x44F;&#x445;, &#x432;&#x44B;&#x448;&#x435;&#x434;&#x448;&#x435;&#x439; &#x432; &#x438;&#x437;&#x434;&#x430;&#x442;&#x435;&#x43B;&#x44C;&#x441;&#x442;&#x432;&#x435; &lt;&#x410;&#x43A;&#x430;&#x434;&#x435;&#x43C;&#x438;&#x44F; &#x438;&#x441;&#x441;&#x43B;&#x435;&#x434;&#x43E;&#x432;&#x430;&#x43D;&#x438;&#x44F; &#x43A;&#x443;&#x43B;&#x44C;&#x442;&#x443;&#x440;&#x44B;&gt; (&#x421;&#x430;&#x43D;&#x43A;&#x442;-&#x41F;&#x435;&#x442;&#x435;&#x440;&#x431;&#x443;&#x440;&#x433;). &#x41D;&#x430;&#x43F;&#x438;&#x441;&#x430;&#x43B; 58 &#x441;&#x442;&#x430;&#x442;&#x435;&#x439; &#x43F;&#x43E; &#x444;&#x438;&#x43B;&#x43E;&#x441;&#x43E;&#x444;&#x441;&#x43A;&#x438;&#x43C;, &#x438;&#x441;&#x43A;&#x443;&#x441;&#x441;&#x442;&#x432;&#x43E;&#x432;&#x435;&#x434;&#x447;&#x435;&#x441;&#x43A;&#x438;&#x43C; &#x438; &#x440;&#x435;&#x43B;&#x438;&#x433;&#x438;&#x43E;&#x432;&#x435;&#x434;&#x447;&#x435;&#x441;&#x43A;&#x438;&#x43C; &#x442;&#x435;&#x43C;&#x430;&#x43C; &#x440;&#x430;&#x437;&#x43B;&#x438;&#x447;&#x43D;&#x43E;&#x433;&#x43E; &#x441;&#x442;&#x430;&#x442;&#x443;&#x441;&#x430;</subfield>
  </datafield>
  <datafield tag="675" ind1=" " ind2=" ">
    <subfield code="a">821.161.1-3</subfield>
    <subfield code="v">4</subfield>
  </datafield>
  <datafield tag="686" ind1="2" ind2=" ">
    <subfield code="a">&#x428;6(2=&#x420;)8-748</subfield>
  </datafield>
  <datafield tag="700" ind1=" " ind2="0">
    <subfield code="a">&#x421;. &#x41A;. &#x41A;.</subfield>
    <subfield code="c">&#x43F;&#x441;&#x435;&#x432;&#x434;&#x43E;&#x43D;&#x438;&#x43C;</subfield>
    <subfield code="c">&#x43B;&#x438;&#x442;&#x435;&#x440;&#x430;&#x442;&#x43E;&#x440;</subfield>
    <subfield code="f">1993-</subfield>
    <subfield code="3">RU\NLR\AUTH\770231138</subfield>
  </datafield>
  <datafield tag="942" ind1=" " ind2=" ">
    <subfield code="c">BOOK</subfield>
  </datafield>
  <datafield tag="980" ind1=" " ind2=" ">
    <subfield code="a">NB</subfield>
  </datafield>
  <datafield tag="995" ind1=" " ind2=" ">
    <subfield code="5">2022-08-10</subfield>
    <subfield code="a">ad</subfield>
    <subfield code="b">NLR01</subfield>
    <subfield code="c">NLR01</subfield>
    <subfield code="e">RF81</subfield>
    <subfield code="f">1-3930822</subfield>
    <subfield code="k">2022-2/1782</subfield>
    <subfield code="o">0</subfield>
    <subfield code="r">BOOK</subfield>
    <subfield code="s">202221782_</subfield>
  </datafield>
  <datafield tag="995" ind1=" " ind2=" ">
    <subfield code="5">2022-08-10</subfield>
    <subfield code="a">ad</subfield>
    <subfield code="b">NLR01</subfield>
    <subfield code="c">NLR01</subfield>
    <subfield code="e">RF81</subfield>
    <subfield code="f">1-3930818</subfield>
    <subfield code="k">2022-2/1782</subfield>
    <subfield code="o">0</subfield>
    <subfield code="r">BOOK</subfield>
    <subfield code="s">202221782_</subfield>
  </datafield>
</record>
